Saint in the Answers - Statistics

General Stats
  • This quiz has been taken 44,493 times
    36,043 since last reset
  • The average score is 11 of 20
Answer Stats
Clue Answer % Correct
Another name for Santa Claus Saint Nicholas
94%
Very large breed of dog Saint Bernard
92%
Allegedly drove the snakes out of Ireland Saint Patrick
87%
City on the confluence of the Missouri and Mississippi rivers St. Louis
71%
The first pope Saint Peter
67%
Volcano in Washington state that erupted in 1980 Mount St. Helens
66%
November 1 holiday All Saints' Day
64%
London's tallest cathedral Saint Paul's
64%
What LDS means to a Mormon Latter-day Saints
62%
Saint who slew a dragon Saint George
60%
Location of the world's oldest golf course St Andrews
51%
French luxury brand initials YSL Yves Saint Laurent
48%
Capital of Newfoundland St. John's
44%
Seaway that connects the Great Lakes to the Atlantic Ocean St. Lawrence
42%
Paris's top football team Saint-Germain
41%
Caribbean island that is half French, half Dutch Saint Martin
41%
Oldest city in the United States Saint Augustine
29%
Most populous island in the U.S. Virgin Islands Saint Thomas
25%
Patron saint of lost causes Saint Jude
24%
December 26 holiday St. Stephen's Day
24%
No matching quizzes found
Score Distribution
Percent of People with Each Score
Percentile by Number Answered
Your Score History
You have not taken this quiz since the last reset